zpět

Detail výsledku týmu

Pekelná Husa, Klatovy

Datum a čas kvízu

15 Celkem bodů Celkový počet nahraných bodů na tomto kvízu bez doplňovacích otázek.
6. Pořadí na kvízu Konečné umístění týmu na tomto kvízu.

Zaznamenané odpovědi

# Otázka Odpověď Body Výsledky
1. Jak se jmenuje sídlo na Uhersk... D 0
2. Mezinárodní tým záchranářů v ú... v Turecku 0
3. Jak se nazývá historické drama... Bratři 0
4. Ve které zemi vydal telekomuni... ve Francii 0
5. Která tenistka, světová jednič... Simona Halep 0
6. Anglický výraz GOAT zkracuje o... Bobby Orr 0
7. Nejrychlejší muž planety a osm... Carl Lewis 0
8. Pokud se kohokoliv zeptáte na... 1A 2C 3B 4D 1
9. Do éry kralování Michaela Schu... A 0
10. V březnu 2023 tato americká ly... Mikaela Shiffrin 0